01137nas a2200301 4500001001300000003000900013005001700022007000300039008003400042040005400076041000900130072000800139100001700147100002000164100001600184100002000200100001700220100002400237100001800261245015300279246015300432650001300585650001700598650003000615650001700645773009800662856007500760BR2013005968BR-BrBNA20231205122719.0ta230509b bl.|||p| |||| 00| 00por d aBR-BrBNAbporcBiblioteca Nacional de Agricultura a(En) aK101 aArruda, D.M.1 aBrandão, D.O.1 aCosta, F.V.1 aTolentino, G.S.1 aBrasil, R.D.1 aD'Ângelo Neto, S.1 aNunes, Y.R.F.1 aStructural aspects and floristic similarity among tropical dry forest fragments with different management histories in northern Minas Gerais, Brazil1 aStructural aspects and floristic similarity among tropical dry forest fragments with different management histories in northern Minas Gerais, Brazil aFLORESTA aLEVANTAMENTO aCOMPOSIÇÃO BOTÂNICA aMINAS GERAIS0 tRevista Árvore (Brazil)xISSN 0100-6762 g(Jan-Feb 2011), v. 35(1) p. 131-142wBR20130059684 uhttp://www.scielo.br/pdf/rarv/v35n1/16.pdfyRecurso eletrônico (PDF)